00354nam a2200109Ia 4500008004100000020001500041100004700056245008300103260003000186300001400216650001400230180705s9999 xx 000 0 und d a1844792447 aBusiness and technology education council. cBusiness and technology education council.aBTEC higher national in business / aSingapore:bPearsonc2005 a225 pages aBusiness.